<?xml version="1.0" encoding="UTF-8"?>
<collection xmlns="http://www.loc.gov/MARC21/slim">
    <record>
        <controlfield tag="001">63324</controlfield>
        <controlfield tag="005">20200609132531.0</controlfield>
        <datafield tag="024" ind1="7" ind2=" ">
            <subfield code="2">doi</subfield>
            <subfield code="a">10.1080/1828051X.2017.1350119</subfield>
        </datafield>
        <datafield tag="024" ind1="8" ind2=" ">
            <subfield code="2">sideral</subfield>
            <subfield code="a">99347</subfield>
        </datafield>
        <datafield tag="037" ind1=" " ind2=" ">
            <subfield code="a">ART-2018-99347</subfield>
        </datafield>
        <datafield tag="041" ind1=" " ind2=" ">
            <subfield code="a">eng</subfield>
        </datafield>
        <datafield tag="100" ind1=" " ind2=" ">
            <subfield code="a">San José, Carlos</subfield>
        </datafield>
        <datafield tag="245" ind1=" " ind2=" ">
            <subfield code="a">Microsatellite DNA markers applied to the classification of the Podenco Valenciano canine breed</subfield>
        </datafield>
        <datafield tag="260" ind1=" " ind2=" ">
            <subfield code="c">2018</subfield>
        </datafield>
        <datafield tag="506" ind1="0" ind2=" ">
            <subfield code="a">Access copy available to the general public</subfield>
            <subfield code="f">Unrestricted</subfield>
        </datafield>
        <datafield tag="520" ind1="3" ind2=" ">
            <subfield code="a">Traditional morphology studies form the basis for the classification of canine breeds as established by the Fédération Cynologique Internationale (FCI). The FCI recommendations for the acceptance of a new breed include both the differentiation and the identification of close phylogenetic relationships with the previously accepted breeds. These requirements can be met in an affordable way by using the information provided by routine genetic identification procedures. In this report, a set of 21 microsatellite molecular markers is applied to the study of three non-achondroplasic Spanish ‘Podenco’ breeds, currently included in FCI’s group five (section 7). For this purpose, factorial correspondence analysis (FCA), genetic distances and Bayesian population structure are applied to the multilocus genotypes obtained from a sample of ‘Podenco’ individuals of the different breeds, while German Shepherd Dogs are used as the outgroup. Molecular analysis confirms the existing classification and supports the inclusion of ‘Podenco Valenciano’ as a new breed in the same FCI group and section. Therefore, the FCI requirements for its acceptance are met in a cost efficient way. A similar approach is suitable for other canine populations, supplementing the traditional morphological criteria.</subfield>
        </datafield>
        <datafield tag="540" ind1=" " ind2=" ">
            <subfield code="9">info:eu-repo/semantics/openAccess</subfield>
            <subfield code="a">by-nc</subfield>
            <subfield code="u">http://creativecommons.org/licenses/by-nc/3.0/es/</subfield>
        </datafield>
        <datafield tag="590" ind1=" " ind2=" ">
            <subfield code="a">1.265</subfield>
            <subfield code="b">2018</subfield>
        </datafield>
        <datafield tag="591" ind1=" " ind2=" ">
            <subfield code="a">VETERINARY SCIENCES</subfield>
            <subfield code="b">51 / 141 = 0.362</subfield>
            <subfield code="c">2018</subfield>
            <subfield code="d">Q2</subfield>
            <subfield code="e">T2</subfield>
        </datafield>
        <datafield tag="591" ind1=" " ind2=" ">
            <subfield code="a">AGRICULTURE, DAIRY &amp; ANIMAL SCIENCE</subfield>
            <subfield code="b">27 / 61 = 0.443</subfield>
            <subfield code="c">2018</subfield>
            <subfield code="d">Q2</subfield>
            <subfield code="e">T2</subfield>
        </datafield>
        <datafield tag="592" ind1=" " ind2=" ">
            <subfield code="a">0.467</subfield>
            <subfield code="b">2018</subfield>
        </datafield>
        <datafield tag="593" ind1=" " ind2=" ">
            <subfield code="a">Animal Science and Zoology</subfield>
            <subfield code="c">2018</subfield>
            <subfield code="d">Q2</subfield>
        </datafield>
        <datafield tag="655" ind1=" " ind2="4">
            <subfield code="a">info:eu-repo/semantics/article</subfield>
            <subfield code="v">info:eu-repo/semantics/publishedVersion</subfield>
        </datafield>
        <datafield tag="700" ind1=" " ind2=" ">
            <subfield code="a">Cárcel, María José</subfield>
        </datafield>
        <datafield tag="700" ind1=" " ind2=" ">
            <subfield code="0">(orcid)0000-0001-5026-5144</subfield>
            <subfield code="a">Tejedor, María Teresa</subfield>
            <subfield code="u">Universidad de Zaragoza</subfield>
        </datafield>
        <datafield tag="700" ind1=" " ind2=" ">
            <subfield code="0">(orcid)0000-0003-0210-2919</subfield>
            <subfield code="a">Monteagudo, Luis Vicente</subfield>
            <subfield code="u">Universidad de Zaragoza</subfield>
        </datafield>
        <datafield tag="710" ind1="2" ind2=" ">
            <subfield code="1">1001</subfield>
            <subfield code="2">420</subfield>
            <subfield code="a">Universidad de Zaragoza</subfield>
            <subfield code="b">Dpto. Anatom.,Embri.Genét.Ani.</subfield>
            <subfield code="c">Área Genética</subfield>
        </datafield>
        <datafield tag="773" ind1=" " ind2=" ">
            <subfield code="g">17, 1 (2018), 49 - 52</subfield>
            <subfield code="p">Ital. J. Anim. Sci.</subfield>
            <subfield code="t">Italian Journal of Animal Science</subfield>
            <subfield code="x">1594-4077</subfield>
        </datafield>
        <datafield tag="856" ind1="4" ind2=" ">
            <subfield code="s">625111</subfield>
            <subfield code="u">http://zaguan.unizar.es/record/63324/files/texto_completo.pdf</subfield>
            <subfield code="y">Versión publicada</subfield>
        </datafield>
        <datafield tag="856" ind1="4" ind2=" ">
            <subfield code="s">119090</subfield>
            <subfield code="u">http://zaguan.unizar.es/record/63324/files/texto_completo.jpg?subformat=icon</subfield>
            <subfield code="x">icon</subfield>
            <subfield code="y">Versión publicada</subfield>
        </datafield>
        <datafield tag="909" ind1="C" ind2="O">
            <subfield code="o">oai:zaguan.unizar.es:63324</subfield>
            <subfield code="p">articulos</subfield>
            <subfield code="p">driver</subfield>
        </datafield>
        <datafield tag="951" ind1=" " ind2=" ">
            <subfield code="a">2020-06-09-13:21:50</subfield>
        </datafield>
        <datafield tag="980" ind1=" " ind2=" ">
            <subfield code="a">ARTICLE</subfield>
        </datafield>
    </record>

    
</collection>